000 00466nam a2200193Ia 4500
003 OSt
005 20250902155823.0
008 250729s2004 xx 000 0 und d
020 _a978-8176487559
040 _cAL
041 _aeng
082 _a370 ASHD
100 _aAshraf Nehal
_9222386
245 _aDictionary of primmary education
260 _aNew Delhi
_bA P H Publishing
_c2004
300 _a194p
650 _aEducation
_9222387
942 _2ddc
_cBED
999 _c235438
_d235438